| 000 | 00771nam a2200205Ia 4500 | ||
|---|---|---|---|
| 005 | 20241216011508.0 | ||
| 008 | 190429s9999||||xx |||||||||||||| ||und|| | ||
| 082 |
_a658.8701 _bE88 |
||
| 100 | _aESPINOZA ALMERCO SONIA CARIN, FERRUZO CAMPOS EVELYN BEATRIZ | ||
| 245 | 0 | _aIMPOSICION AL CONSUMO Y SU INCIDENCIA EN EL COMERCIO ELECTRONICO DE BIENES Y SERVICIO | |
| 250 | _a0 | ||
| 260 |
_aCERRO DE PASCO-PERU _bUNDAC _c2005 |
||
| 300 |
_a72 pag. _c30 cm. |
||
| 341 | _h0 | ||
| 490 |
_v0 _a0 |
||
| 505 | _aPLANTEAMIENTO DEL PROBLEMA DE INVESTIGACION/MARCO TEORICO Y CONCEPTUAL/METODOLOGIA Y TECNICAS DE INVESTIGACION/ANALISIS E INTERPRETACION DE RESULTADOS OBTENIDOS | ||
| 541 |
_aD _bESPINOZA ALMERCO SONIA _d16-Dec-08 _oSoles |
||
| 650 | _aContabilidad | ||
| 942 | _cTESIS | ||
| 999 |
_c43426 _d43426 |
||